Most Popular Songs in USA 2/14/2026 - Statistics

General Stats
  • This quiz has been taken 13 times
  • The average score is 6 of 15
Answer Stats
Rank Artist (Version) Answer Streams Radio Airplay Sales % Correct
5. HUNTR/X Golden 13.1 Million 56.9 Million 4 Thousand
77%
3. Alex Warren Ordinary 15.5 Million 59.3 Million 7.5 Thousand
69%
7. Taylor Swift The Fate Of Ophelia 12.2 Million 55 Million 2.5 Thousand
69%
2. Olivia Dean Man I Need 16.9 Million 65.6 Million 7 Thousand
54%
12. Harry Styles Aperture 10.6 Million 26.9 Million 1.5 Thousand
46%
8. sombr Back to Friends 9.8 Million 60.8 Million 1.5 Thousand
46%
11. Taylor Swift Opalite 8.1 Million 46.6 Million 2 Thousand
46%
1. Ella Langley Choosin' Texas 22.1 Million 34.4 Million 12 Thousand
38%
10. Bad Bunny DtMF 15.2 Million 3.4 Million 3.5 Thousand
38%
4. Bruno Mars I Just Might 13.2 Million 55.2 Million 9 Thousand
38%
9. Kehlani Folded 9.2 Million 49.7 Million 1 Thousand
31%
13. Olivia Dean So Easy (To Fall In Love) 12.1 Million 15 Million 2 Thousand
31%
6. Noah Kahan The Great Divide 19.3 Million 3.2 Million 5 Thousand
31%
15. Leon Thomas Mutt 5.9 Million 54.2 Million 1.5 Thousand
23%
14. Don Toliver Body 14.3 Million 0 0.4 Thousand
0%
No matching quizzes found
Score Distribution
Percent of People with Each Score
Percentile by Number Answered
Your Score History
You have not taken this quiz